| 000 | 00900nam a2200229Ia 4500 | ||
|---|---|---|---|
| 003 | GCL | ||
| 008 | 140319s9999 xx 000 0 ara d | ||
| 040 |
_aGCL / _cGCL |
||
| 082 | 0 | 4 |
_a953.0393 _bع م |
| 100 | 1 | _aعبدالفتاح مقلد الغنيمى | |
| 245 | 1 | 0 |
_aمعركة بلاط الشهداء فى التاريخ الاسلامى والاوربى (رمضان 114هْـ اكتوبر 732م) : (بواتيه POITIERS) / _cعبدالفتاح مقلد الغنيمى |
| 490 | _a | ||
| 650 | 0 | 4 | _aالفتوحات الاسلامية |
| 650 | 0 | 4 | _aالتاريخ الاسلامى |
| 650 | 0 | 4 | _aالدولة الاموية |
| 650 | 0 | 4 | _aالمعارك العربية الاسلامية |
| 650 | 0 | 4 | _aمعركة بلاط الشهداء |
| 650 | 0 | 4 | _aعبدالرحمن الغافقى |
| 650 | 0 | 4 | _aالدولة الاموية - مصر |
| 650 | 0 | 4 | _aالازدهار |
| 942 |
_2ddc _cBK |
||
| 999 |
_c43874 _d43874 |
||